| 000 | 00775nam a2200181Ia 4500 | ||
|---|---|---|---|
| 008 | 090630s9999 xx 000 0 und d | ||
| 082 | _b12184 | ||
| 100 | _aडॉ. विनोद सं. व डॉ. रानडे. | ||
| 245 |
_aमनाचे आरोग्य व मन:शांती. _cडॉ. विनोद सं. व डॉ. रानडे. |
||
| 260 | _bअनमोल पुणे. | ||
| 300 | _a64 | ||
| 600 | _aडॉ. विनोद सं. व डॉ. रानडे. | ||
| 630 | _aमनाचे आरोग्य व मन:शांती. | ||
| 655 | _aइतर. | ||
| 700 | _aडॉ. विनोद सं. व डॉ. रानडे. | ||
| 730 | _aमनाचे आरोग्य व मन:शांती. | ||
| 942 | _cBOOK | ||
| 999 |
_c264040 _d264040 |
||